| 000 | 01236nac a22003131u 4500 | ||
|---|---|---|---|
| 010 | _a 2007006429 | ||
| 020 | _a0321421744 (pbk. : alk. paper) | ||
| 020 | _a9780321421746 (pbk. : alk. paper) | ||
| 035 | _a(OCoLC)ocm85162031 | ||
| 035 | _a(OCoLC)85162031 | ||
| 082 | 0 | 0 |
_a004.68 _bJAM |
| 090 |
_c8697 _d8697 |
||
| 100 | _aJamison, Scott. | ||
| 245 | 1 | 0 |
_aEssential SharePoint 2007 : delivering high-impact collaboration / _bdelivering high-impact collaboration / _cScott Jamison, Mauro Cardarelli, with Susan Hanley |
| 260 |
_aUpper Saddle River, NJ : _bAddison-Wesley,2007. _cc2007. |
||
| 300 |
_axviii, 446 p. : _bill. ; _c24 cm. |
||
| 440 | 4 | _aThe Addison-Wesley Microsoft technology series | |
| 500 | _aIncludes index. | ||
| 500 | _aDistributer: Bacca | ||
| 511 | _aCatalogued by: Sara | ||
| 650 | 0 | _aIntranets (Computer networks) | |
| 650 | 0 | _aWeb servers. | |
| 650 | 0 | _aLocal area networks | |
| 700 | 1 | _aCardarelli, Mauro. | |
| 700 | 1 |
_aHanley, Susan, _d1956- |
|
| 856 | 4 | 1 |
_3Table of contents only _uhttp://www.loc.gov/catdir/toc/ecip0711/2007006429.html |
| 942 |
_cBB _k004.68JAM |
||
| 999 |
_c8697 _d8697 |
||